000 00756nam a2200205Ia 4500
003 0
005 20250127111453.0
008 150126s9999 xx 000 0 und d
050 _aPGS P 96.T42
_b.R575 2014
100 _aRim, Kim Yeo.
245 _aSocial networking and communication skills of grade 6 students of SISC /
_cKim Yeo-Rim.
260 _aLas PiƱas City, Philippines :
_bSouthville International School and Colleges,
_c2014.
300 _a47 p. :
_bill. ;
_c28 cm.
504 _aIncludes bibliographical references.
650 _aSocial media
_vPsychological aspects.
650 _aSocial networks
_v Psychological aspects.
650 _aCommunication in children.
650 _aChildren and computers
_vSocial aspects.
942 _2lcc
_cPASS
999 _c278624
_d278624